000
00383nam a2200133Ia 4500
008
100328s9999 xx 000 0 und d
082
_b
17097
100
_a
माथूर जगदिशचंद्र
245
_a
ओ मेरे सपने
260
_b
नीलम
630
_a
ओ मेरे सपने
730
_a
ओ मेरे सपने
942
_c
BOOK
999
_c
511725
_d
511722